000 00531nam a2200205 a 4500
001 23301
003 CO-ViMGA
008 141112s2004 ck r 000 u spa d
020 _a9682317355
040 _aCO-ViMGA
_bspa
_cCO-ViMGA
082 0 4 _a176 F682
100 1 _aFoucault, Michel
245 1 0 _aLa Voluntad de saber
260 _aArgentina :
_bSiglo Veintiuno
300 _a3 v
490 _aHistoria de la sexualidad; v. 1 \
650 1 4 _aSEXO - HISTORIA
_933574
650 1 4 _aSEXO (PSICOLOGIA)
_918055
942 _2ddc
_cBK
999 _c31523
_d31523